| 000 | 00566nam a22001577a 4500 | ||
|---|---|---|---|
| 003 | OSt | ||
| 005 | 20151104095611.0 | ||
| 008 | 151104b xxu||||| |||| 00| 0 eng d | ||
| 040 | _cRUA | ||
| 082 | _aFOR KOA 1996 B122 Or.1 | ||
| 100 |
_93318 _aKOAM, SEIHA. |
||
| 245 | _aAssessment of forestry and wildlife management policy (ការវាយតម្លៃលើនយោបាយគ្រប់គ្រងវិស័យព្រៃឈើនិងសត្វព្រៃ) | ||
| 260 |
_aPhnomn Penh _bRUA _c1996 |
||
| 300 |
_a56p. _bill. _c29cm. |
||
| 942 |
_2ddc _cFOR |
||
| 999 |
_c3096 _d3096 |
||